[Event "2. AUT Bundesliga 2020-21"]
[Site "Graz"]
[Date "2021.03.14"]
[Round "3.12"]
[White "Ring, Rudolf"]
[Black "Steiner, Peter"]
[Result "1/2-1/2"]
[WhiteElo "1737"]
[BlackElo "1968"]
[Annotator "TA"]
[PlyCount "47"]
[EventDate "2021.01.17"]
[EventType "team-tourn"]
[EventCountry "AUT"]
[SourceTitle "playchess.com"]
[Source "ChessBase"]
[SourceQuality "1"]

{[%evp 9,47,0,63,39,45,-16,-21,-46,-13,-44,-15,-17,-10,-58,-69,-72,-70,-90,-84,-96,-93,-103,-56,-76,-75,-73,-75,-69,-34,-55,-25,-37,-20,-45,-22,-27,0,-41,0,-22]} 1. e4 c5 2. f4 d5 3. exd5 Qxd5 4. Nc3 Qd6 5. d3 b6 (5... Nf6 $11) 6. Be2 {B21: Sicilian: 2 f4 and Morra Gambit.} Bb7 7. Bf3 (7. Nf3 $14) 7... Nc6 $11 {[#]} 8. Nge2 $146 ({Predecessor:} 8. Ne4 Qd7 9. Be3 g6 10. Ne2 Bg7 11. O-O Nh6 12. N4c3 Nf5 13. Bf2 O-O 14. g3 {0-1 (41) King,M (1890)-Sasu Ducsoara,A (2176) Opatija 2013}) 8... Rd8 9. Bd2 Nf6 10. O-O g6 11. Ng3 Bg7 12. Nge4 Qd7 13. Nf2 O-O 14. Ne2 Nd5 15. Nc3 e6 (15... Nc7 {feels hotter.} 16. Rb1 f5 17. Ne2 e5 18. fxe5 Bxe5 19. Nh3 Qd6) 16. Nxd5 exd5 17. c3 Rfe8 18. Re1 b5 19. Qb3 Rxe1+ (19... Ne7 {with more complications.} 20. a4 b4 21. cxb4 c4 22. Qa3 Nf5) 20. Rxe1 a6 21. Kf1 Kf8 22. Kg1 Kg8 23. Kf1 Kf8 24. Qd1 {Weighted Error Value: White=0.19/Black=0.21} 1/2-1/2

[Event "2. AUT Bundesliga 2020-21"]
[Site "Graz"]
[Date "2021.03.14"]
[Round "3.13"]
[White "Eder, Matthias"]
[Black "Bachlechner, Julian"]
[Result "1-0"]
[WhiteElo "2170"]
[BlackElo "2214"]
[Annotator "TA"]
[PlyCount "35"]
[EventDate "2021.01.17"]
[EventType "team-tourn"]
[EventCountry "AUT"]
[SourceTitle "playchess.com"]
[Source "ChessBase"]
[SourceQuality "1"]

{[%evp 9,35,76,93,81,109,95,81,91,161,156,145,147,156,152,149,100,146,155,178,163,326,329,549,490,943,981,1235,1239]} 1. e4 d6 2. d4 Nf6 3. Nc3 Nbd7 4. g4 e5 5. g5 exd4 6. Qxd4 {B07: Pirc Defence: Miscellaneous Systems.} Ng8 7. h4 h6 8. Bg2 {[#] White is better.} Nc5 $146 {[#]} (8... Ne5 $16) ({Predecessor:} 8... c6 9. Bf4 Qb6 10. O-O-O Qxd4 11. Rxd4 hxg5 12. hxg5 Rxh1 13. Bxh1 Ne5 14. Nf3 f6 15. gxf6 gxf6 16. Nh4 {½-½ (16) Borge,N (2405)-Jansa,V (2525) Hillerod 1995}) 9. Be3 $1 $18 hxg5 10. hxg5 Rxh1 11. Bxh1 Ne7 12. Qd2 Nc6 13. O-O-O Be6 {[#]} 14. f4 $1 g6 $2 (14... Nd7 15. Bf3 g6) 15. f5 Bd7 $2 (15... Ne5 16. fxe6 Nxe6) 16. Nd5 {aiming for Nf6+.White is clearly winning.} Ne5 (16... Bg7 $142 17. Qh2 Be6) 17. Nf6+ Ke7 18. Bxc5 {Weighted Error Value: White=0.06/Black=0.58} 1-0

[Event "2. AUT Bundesliga 2020-21"]
[Site "Graz"]
[Date "2021.03.14"]
[Round "3.14"]
[White "Frank, Emanuel"]
[Black "Kristoferitsch, Daniel"]
[Result "0-1"]
[WhiteElo "2242"]
[BlackElo "2166"]
[Annotator "TA"]
[PlyCount "120"]
[EventDate "2021.01.17"]
[EventType "team-tourn"]
[EventCountry "AUT"]
[SourceTitle "playchess.com"]
[Source "ChessBase"]
[SourceQuality "1"]

{[%evp 15,120,13,16,12,16,15,10,-54,-61,-46,-54,-60,-68,-84,-87,-161,-155,-154,-164,-239,-232,-243,-216,-286,-291,-389,-379,-375,-365,-362,-331,-463,-459,-463,-457,-440,-439,-397,-365,-356,-341,-352,-343,-909,-887,-774,-417,-390,-413,-400,-399,-364,-335,-370,-368,-392,-372,-364,-229,-229,-229,-286,-285,-294,-251,-367,-367,-444,-426,-441,-441,-447,-434,-759,-753,-843,-833,-832,-822,-819,-846,-1067,-1072,-4710,-4710,-4686,-4583,-29963,-29965,-29970,-29971,-29971,-29972,-29971,-29972,-29976,-29977,-29977,-29978,-29978,-29979,-29975,-29975,-29987,-29988,-29990,-29991]} 1. d4 Nf6 2. c4 e6 3. g3 d5 4. Nf3 Be7 5. Bg2 O-O 6. O-O dxc4 7. Qc2 a6 8. a4 Bd7 9. Rd1 {E05: Open Catalan: 5 Nf3 Be7.} Bc6 10. Bg5 b5 {[#] 10...b5 is better than 10...Nbd7.} 11. axb5 $146 (11. Bxf6 $11 Bxf6 12. Nc3) ({Predecessor:} 11. Bxf6 Bxf6 12. Nc3 Qe8 13. e4 g6 14. d5 exd5 15. exd5 Bb7 16. Re1 Qd8 17. Rad1 {½-½ (55) Giri,A (2764)-Navara,D (2719) chess24.com INT 2020}) 11... axb5 $15 12. Rxa8 Bxa8 13. Bxf6 Bxf6 14. Nc3 Qe8 15. e4 (15. h4 $17) 15... Na6 $19 {[%cal Bb8a6,Ba6b4,Bb4d3][%mdl 32]} 16. h4 c5 17. d5 (17. e5 $142 Be7 18. Qe2) 17... Nb4 18. Qb1 exd5 19. exd5 Nd3 {Strongly threatening ...b4.} 20. Ng5 h6 ({Less strong is} 20... b4 21. Nce4 $19) 21. Nge4 Bd4 {aiming for ...f5.} 22. Rd2 Qb8 23. Ne2 f5 ({Not} 23... Bxd5 24. Nxd4 cxd4 25. Nf6+ gxf6 26. Bxd5 $19) 24. Nxd4 cxd4 25. Rxd3 cxd3 26. Nd2 Qe5 {Hoping for ...Qe2.} 27. Qxd3 Rb8 ({Resist} 27... Bxd5 28. Qxb5 Qe1+ 29. Bf1 $19) 28. Qb3 Kh8 29. Kf1 $2 (29. Nf3 Qe4 30. Qd1 Qxd5 31. Qxd4) 29... Re8 {[%csl Ge8][%cal Re5e1] [#]} 30. Nf3 Bxd5 31. Nxe5 Bxb3 {[%mdl 4096] Endgame KRB-KBN} 32. f4 Bc4+ 33. Ke1 Kh7 34. h5 Re7 35. Kd2 Ra7 36. Bh3 Ra2 37. Bxf5+ Kg8 38. Kc2 Kf8 39. Kb1 Ra6 40. Be4 (40. Kc2 {was necessary.}) 40... Be2 41. g4 Ke7 42. Kc2 Kd6 43. Kd2 Bc4 44. Bc2 (44. Nf3 $142 Ra2 45. Nxd4 Rxb2+ 46. Bc2) 44... Ra2 45. Kc1 Ra1+ 46. Kd2 Rf1 47. b3 Rf2+ 48. Kc1 Rxf4 49. bxc4 Kxe5 50. cxb5 Rxg4 {KR-KB} 51. Kd2 Rg2+ {Black mates.} 52. Kd3 Rg3+ 53. Kd2 Kd6 54. Bd1 Kc5 55. Be2 Rg2 56. Ke1 {[#]} Rxe2+ $1 {[%mdl 64] Remove Defender} 57. Kxe2 Kxb5 58. Kd3 Kc5 59. Ke4 Kc4 60. Kf5 d3 {White did not feel at home in the position after the opening.  Weighted Error Value: White=0.63/Black=0.13} 0-1

[Event "2. AUT Bundesliga 2020-21"]
[Site "Graz"]
[Date "2021.03.14"]
[Round "3.15"]
[White "Teuschler, Barbara"]
[Black "Frank, Paul"]
[Result "1-0"]
[WhiteElo "2109"]
[BlackElo "2177"]
[Annotator "TA"]
[PlyCount "120"]
[EventDate "2021.01.17"]
[EventType "team-tourn"]
[EventCountry "AUT"]
[SourceTitle "playchess.com"]
[Source "ChessBase"]
[SourceQuality "1"]

{[%evp 16,120,15,12,5,0,0,0,7,0,41,27,16,10,10,0,0,0,0,0,0,13,30,0,10,13,49,0,62,39,60,52,58,50,33,47,29,0,35,0,5,0,0,0,0,-18,0,0,29,24,23,26,89,85,91,93,81,86,135,134,273,272,336,318,327,315,362,368,399,201,184,147,356,287,299,298,529,298,552,590,602,547,865,862,864,802,6352,7320,5717,5569,1870,938,910,918,29960,6328,5393,5385,2383,1126,1014,1016,995,923,29988,29984,29997]} 1. e4 c5 2. Nf3 Nc6 3. Nc3 g6 4. d4 cxd4 5. Nxd4 Bg7 6. Nb3 Nf6 7. Be2 O-O 8. O-O d6 9. Re1 Re8 {B70: Sicilian Dragon: 6 g3 and 6 Be2 (without a later Be3).} 10. Bf1 b6 11. Nd5 Bb7 {The position is equal.} 12. c3 Rc8 {[#]} 13. a4 $146 ({Predecessor:} 13. Bg5 Nd7 14. Qd2 Nce5 15. Rad1 Nc5 16. Bb5 Bc6 17. Bf1 Ba4 18. f4 Nc6 19. Qc2 {0-1 (28) Sulc,D (2243)-Videnova,I (2316) Bol 2013}) 13... a6 14. Bg5 Nxd5 15. exd5 Ne5 16. h3 Nc4 17. Bxc4 Rxc4 18. Qd3 Rc8 19. Re2 h6 20. Be3 Rb8 21. c4 Qd7 (21... e6 $11) 22. Bd4 (22. a5 {looks sharper.} b5 23. c5 dxc5 24. Nxc5 Qd6 25. Rd1) 22... e5 23. dxe6 Rxe6 24. Rxe6 Qxe6 25. Bxg7 Kxg7 26. Qd4+ (26. Rd1 {keeps more tension.} Rc8 27. Qd4+ Kh7 28. Qxb6 Ba8 29. Nd4) 26... Kh7 27. Rd1 (27. Qxb6 $2 Bxg2 28. Qe3 (28. Qxb8 $2 Qxh3 29. f3 Qg3 $19) 28... Bxh3 $19) 27... Bc6 28. Rd3 Qe1+ 29. Kh2 Qe5+ 30. Kg1 Qe1+ 31. Kh2 Qf1 {[%csl Gc6][%cal Rf1g2] [#]} 32. Rg3 Re8 {( -> ...Re1)} 33. Nd2 Qe2 (33... Qe1 $1 $11 {remains equal.}) 34. b3 $16 Qe5 35. Qxb6 {[%mdl 64] Double Attack} h5 {[#]} 36. h4 $1 Ba8 37. Qe3 ({Not} 37. Qxa6 $2 Qd4 $19) 37... Qh8 (37... Qxe3 $16 38. Rxe3 Rxe3 39. fxe3 a5) 38. Qf4 $1 $18 {[%csl LRd6,LRf7][%mdl 64] Double Attack} Kg8 39. Qxd6 Qa1 40. Nf3 ({Don't do} 40. Qxa6 Qd4 $18) 40... Qb2 41. Qd7 ({Don't take} 41. Qxa6 Qxf2 42. Qf6 Bb7 $18) 41... Rb8 42. c5 (42. Qe7 $142 {And now Ne5 would win.} Qxf2 43. b4) 42... Qf6 43. Qd4 Qe7 {This costs Black the game.} (43... Kg7 $16 {was worth a try.}) 44. Ng5 a5 {and the idea ...Rb4 leaves Black hopeful.} 45. Re3 Qf8 (45... Qc7+ {is a better defense.} 46. g3 Rc8) 46. Qc3 Rb4 $2 (46... Rc8 47. Qxa5 Rxc5) 47. g3 Bd5 48. Qc2 Qb8 49. c6 Rxh4+ 50. Nh3 Qc7 51. Re8+ Kg7 52. Qc3+ f6 53. Qe3 {Re7+ would kill now.} Kf7 54. Rh8 Rxh3+ 55. Kxh3 {[%mdl 4096] Endgame White threatens Qe8+ and mate. KQR-KQB} Be6+ 56. Kh2 {White wants to mate with Rh7+.} Qxc6 57. Qa7+ (57. Rh7+ $142 Ke8 58. Qa7) 57... Bd7 58. Rh7+ Ke6 59. Qxa5 Qf3 60. Qe1+ Kd5 {Weighted Error Value: White=0.23/Black=0.64} 1-0

[Event "2. AUT Bundesliga 2020-21"]
[Site "Graz"]
[Date "2021.03.14"]
[Round "3.16"]
[White "Heindl, Matthias"]
[Black "Birk, Steffen"]
[Result "1-0"]
[WhiteElo "2200"]
[BlackElo "2186"]
[Annotator "TA"]
[PlyCount "134"]
[EventDate "2021.01.17"]
[EventType "team-tourn"]
[EventCountry "AUT"]
[SourceTitle "playchess.com"]
[Source "ChessBase"]
[SourceQuality "1"]

{[%evp 9,134,23,22,12,8,7,8,-1,-7,-24,20,17,105,-2,-7,-74,-41,-41,-48,-42,-37,-49,-27,-13,-13,-37,-2,-6,-6,-18,16,0,147,143,188,152,172,70,299,298,301,305,288,194,252,251,324,265,263,260,260,236,240,231,252,247,246,235,237,238,247,246,266,257,264,241,258,255,279,267,321,310,350,325,393,389,485,451,515,427,422,421,428,385,361,369,433,423,380,290,425,429,520,528,476,333,337,353,357,329,488,447,635,628,689,689,758,758,29977,29978,29978,29979,29979,29980,29982,29983,29983,29984,29984,29984,29984,29984,29984,29985,29985,0,29979]} 1. c4 e5 2. Nf3 e4 3. Nd4 Nc6 4. Nc2 Nf6 5. Nc3 Bc5 6. g3 {A20: English Opening: 1...e5.} O-O 7. Bg2 Re8 8. O-O d6 9. Na4 {[#]} Be6 $146 ({Predecessor:} 9... Bg4 10. Nxc5 dxc5 11. Ne3 Bh5 12. b3 Qd6 13. Bb2 Rad8 14. Bc3 Nd4 15. Re1 b6 {½-½ (32) Jurmansah,J (2259)-Lioe,D (2356) Yogyakarta 2017}) 10. b3 Qd7 {[#]} (10... Bf5 $11) 11. Re1 (11. Bb2 $1 $16) 11... Bh3 $11 12. Bh1 (12. Bb2 $1 $11) 12... Qf5 {[%csl Gf5][%cal Rc5f2]} (12... Ng4 {looks sharper.} 13. Nxc5 dxc5 14. Ba3 b6 15. d3 e3) 13. Nxc5 dxc5 14. Ne3 Qe5 15. Rb1 Rad8 16. Bb2 Nd4 17. d3 (17. b4 $5) 17... Qh5 {With the idea ...Bg4.} 18. dxe4 Nxe4 19. Nd5 $1 Qf5 {[%csl Ge4][%cal Rf5f2] [#]} (19... c6 $5 {[%cal Rc6d5]} 20. Nf4 Qf5 $11) 20. Bxd4 {aiming for Be3.} cxd4 (20... c6 $1 $11 21. Bxc5 cxd5 22. Bxe4 dxe4) 21. Qxd4 $16 {Strongly threatening Ne7+!} Rd6 22. f3 ({Don't play} 22. Qxa7 $6 c6 $11) 22... Ng5 23. Qf2 (23. Qxa7 $18 Qc8 24. f4) 23... Bg4 $2 24. Bg2 $18 Nh3+ 25. Bxh3 Bxh3 26. e4 ({Much less strong is} 26. Qxa7 $6 Qe5 $18) 26... Qd7 (26... Qg5 $142 27. Qxa7 c6) 27. Rbd1 Qc6 28. Qxa7 Bc8 29. Qa5 Rd7 30. Qd2 Qg6 {intending ...c6.} 31. Qf4 Qc6 32. Kg2 Qc5 33. Qe3 Qa3 34. Rd2 c6 35. Nf4 Qa5 36. Rxd7 Bxd7 37. Rd1 Bc8 38. Qd2 Qxd2+ 39. Rxd2 {[%mdl 4096] Endgame KRB-KRN} g6 40. Kf2 h5 41. Rd6 Kg7 42. Ke3 Rh8 43. h4 f6 44. Kd4 Kf7 45. Kc5 g5 46. hxg5 fxg5 47. Ng6 Rh7 48. Ne5+ Ke7 {Black hopes to continue with ...h4.} 49. Rd2 Kf6 (49... h4 $142 50. gxh4 gxh4) 50. f4 gxf4 51. gxf4 h4 52. Rh2 h3 53. Kd4 Rg7 54. f5 Rg3 (54... c5+ {was called for.} 55. Kd5 (55. Kxc5 Kxe5 56. Rxh3 Kxe4 $17) 55... Rg3) 55. c5 Kg5 (55... Bxf5 $142 56. exf5 Kxf5 57. Rf2+ Kg5) 56. Nd3 Bxf5 57. exf5 Kxf5 {KRN-KR} 58. Nf2 Rg2 59. Rxg2 hxg2 {KN-K3P} 60. Nh3 Kg4 61. Ng1 Kf4 62. b4 Kf5 63. a4 Kf6 64. Ke4 Ke6 65. Nf3 Ke7 66. Ke5 Kd7 67. Ke4 $2 (67. b5 {mates} Kd8 68. Kd6 Ke8 69. bxc6 bxc6 70. Kxc6 Kf7 71. a5 Kg6 72. Nh4+ {[%mdl 64] Double Attack} Kh6 73. Nxg2) 67... Ke8 $2 {[%mdl 8192] Weighted Error Value: White=0.20/Black=0.59} (67... Ke7 $11 68. b5 Ke8) 1-0

[Event "2. AUT Bundesliga 2020-21"]
[Site "Graz"]
[Date "2021.03.14"]
[Round "3.17"]
[White "Wendl, Philipp"]
[Black "Hafner, Robert"]
[Result "1-0"]
[WhiteElo "1942"]
[BlackElo "2006"]
[Annotator "TA"]
[PlyCount "73"]
[EventDate "2021.01.17"]
[EventType "team-tourn"]
[EventCountry "AUT"]
[SourceTitle "playchess.com"]
[Source "ChessBase"]
[SourceQuality "1"]

{[%evp 13,73,0,13,0,2,5,0,8,39,25,22,17,24,5,26,-11,31,8,66,49,33,29,31,0,42,29,19,0,55,37,61,58,94,91,101,48,100,53,141,138,381,385,387,372,616,659,858,861,983,963,29989,2204,5550,1327,1347,1330,1253,1266,1195,1037,1066,999]} 1. e4 c6 2. Nc3 d5 3. Nf3 Bg4 4. h3 Bxf3 5. Qxf3 e6 6. d3 Nf6 7. a3 Be7 8. g3 {B11: Caro-Kann: Two Knights Variation.} O-O 9. Bg2 Nbd7 10. O-O {The position is equal.} Ne8 11. Qe2 {[#]} Nd6 $146 ({Predecessor:} 11... Bf6 12. Bd2 Qb6 13. Rab1 Nc7 14. a4 Na6 15. Nd1 Nac5 16. b3 Nxa4 17. Be3 d4 {1-0 (24) Gelemerov,Y (2064)-Andreev,D (1921) Sofia 2015}) 12. f4 a5 13. Bd2 b5 {[%cal Bb7b5,Bb5b4][%mdl 32]} 14. f5 {Black should prevent fxe6.} b4 (14... d4 {feels hotter.} 15. Nd1 e5 16. h4 Qb6 17. g4 Bxh4 18. g5 f6) 15. Na4 Nb6 ({Better is} 15... exf5 $11 16. exd5 c5) 16. Nxb6 Qxb6+ 17. Be3 d4 18. Bd2 {axb4 is the strong threat.} exf5 19. exf5 Bf6 20. g4 {Black must now prevent Bf4.} h6 (20... Nc4 $11) 21. Qf2 Be5 22. Qf3 Rac8 23. axb4 axb4 24. Ra4 (24. h4 $16) 24... c5 (24... b3 $14) 25. Qd5 Bf6 ({Black should try} 25... Rfe8 $14) 26. Rfa1 $36 {[%mdl 2048] And now Ra6 would win. White has strong initiative.} Rfd8 $2 {Loses the game.} (26... Ne8 $16) 27. Ra6 $18 Qb8 28. Bf4 Be7 $2 (28... Nb5) 29. f6 gxf6 30. Qh5 Bf8 31. Ra7 {aiming for Bxd6.} Kh8 32. Be4 (32. Bxd6 $142 Bg7 33. Bxb8 Rg8 34. Rxf7 Rce8 {[#]} 35. Qg6 $1 Re6 36. Raa7 $1 Re1+ 37. Kh2 Rh1+ 38. Bxh1 c4 39. Rxg7 Rxg7 40. Qxg7#) 32... Rc7 {White is clearly winning.} 33. Ra8 (33. Bxd6 $142 Bxd6 34. Qxh6+ {[%mdl 64] Double Attack} Kg8 35. Ra8 Qxa8 36. Bxa8) 33... Qxa8 34. Rxa8 Rxa8 35. Bxa8 Ra7 36. Bxd6 Rxa8 37. Bxf8 {Weighted Error Value: White=0.15/Black=0.72} 1-0

[Event "2. AUT Bundesliga 2020-21"]
[Site "Graz"]
[Date "2021.04.10"]
[Round "4.1"]
[White "Dietmayer-Kraeutler, Marco"]
[Black "Frank, Emanuel"]
[Result "1-0"]
[WhiteElo "2284"]
[BlackElo "2242"]
[Annotator "NA"]
[PlyCount "99"]
[EventDate "2021.01.17"]
[EventType "team-tourn"]
[EventCountry "AUT"]
[SourceTitle "playchess.com"]
[Source "ChessBase"]
[SourceQuality "1"]
[TimeControl "40/5400+30:1800+30"]

1. d4 {[%emt 0:00:00]} d5 {[%emt 0:00:00]} 2. c4 {[%emt 0:00:00]} e6 {[%emt 0:00:00]} 3. Nc3 {[%emt 0:00:00]} a6 {[%emt 0:00:00]} 4. cxd5 {[%emt 0:01:40]} exd5 {[%emt 0:00:21]} 5. Nf3 {[%emt 0:00:05]} Nf6 {[%emt 0:00:10]} 6. Bg5 {[%emt 0:00:07]} Be6 {[%emt 0:00:04]} 7. e3 {[%emt 0:06:21]} Nbd7 {[%emt 0:00:19]} 8. Bd3 {[%emt 0:01:07]} h6 {[%emt 0:00:11]} 9. Bh4 {[%emt 0:00:05]} g5 {[%emt 0:00:08]} 10. Bg3 {[%emt 0:00:08]} Nh5 {[%emt 0:00:05]} 11. Be5 {[%emt 0:01:15]} Nhf6 {[%emt 0:00:22]} 12. Bg3 {[%emt 0:03:28]} Nh5 {[%emt 0:00:14]} 13. Be5 {[%emt 0:00:05]} Nhf6 {[%emt 0:00:05]} 14. Qb3 {[%emt 0:04:45]} g4 {[%emt 0:02:17]} 15. Bxf6 {[%emt 0:04:35]} Qxf6 {[%emt 0:01:41]} 16. Ne5 {[%emt 0:04:50]} Nxe5 {[%emt 0:14:13]} 17. dxe5 {[%emt 0:02:00]} Qxe5 {[%emt 0:04:44]} 18. Qxb7 {[%emt 0:01:54]} Rd8 {[%emt 0:02:56]} 19. Bxa6 {[%emt 0:01:37]} Bd6 {[%emt 0:12:40]} 20. Qc6+ {[%emt 0:08:33]} Kf8 {[%emt 0:11:18]} 21. Rd1 $11 {[%emt 0:03:23]} Rb8 {[%emt 0:12:42]} 22. Bb7 {[%emt 0:00:35]} Kg7 {[%emt 0:02:20]} 23. Rd4 {[%emt 0:07:40]} Rhd8 {[%emt 0:05:37]} 24. g3 {[%emt 0:11:21]} Be7 {[%emt 0:08:40]} 25. O-O {[%emt 0:06:16]} Bf6 {[%emt 0:10:56]} 26. Rb4 {[%emt 0:12:51]} Qd6 {[%emt 0:04:54]} 27. Rb5 {[%emt 0:05:07]} Qe5 {[%emt 0:04:16]} 28. Qa6 {[%emt 0:03:10]} Rd6 {[%emt 0:01:01]} 29. Qa7 {[%emt 0:00:46]} Rbd8 {[%emt 0:00:43]} 30. Rd1 {[%emt 0:00:37]} c6 {[%emt 0:00:52]} 31. Rc5 {[%emt 0:01:00]} Bd7 {[%emt 0:00:52]} 32. Qa4 {[%emt 0:01:52]} Qe6 {[%emt 0:00:34]} 33. Ne2 {[%emt 0:01:36]} Bxb2 {[%emt 0:00:40]} 34. Nd4 {[%emt 0:00:19]} Bxd4 {[%emt 0:00:30]} 35. Qxd4+ {[%emt 0:00:02]} f6 {[%emt 0:00:30]} 36. e4 {[%emt 0:01:57]} Qe5 {[%emt 0:00:32]} 37. exd5 {[%emt 0:01:30]} Qxd4 38. Rxd4 {[%emt 0:00:03]} Rb8 {[%emt 0:00:53]} 39. Bxc6 {[%emt 0:00:17]} Rc8 {[%emt 0:00:32]} 40. Rdc4 {[%emt 0:00:00]} Bf5 {[%emt 0:00:00]} 41. a4 {[%emt 0:04:43]} Rb8 {[%emt 0:01:36]} 42. Rb5 {[%emt 0:00:48]} Rc8 {[%emt 0:00:49]} 43. a5 {[%emt 0:03:05]} h5 {[%emt 0:00:30]} 44. a6 {[%emt 0:02:16]} Bd3 {[%emt 0:01:21]} 45. Rcc5 {[%emt 0:04:39]} Bxb5 {[%emt 0:09:37]} 46. Rxb5 {[%emt 0:00:12]} Rc7 {[%emt 0:04:35]} 47. Rb7 {[%emt 0:00:41]} Rxb7 {[%emt 0:00:29]} 48. Bxb7 {[%emt 0:00:07]} Rb6 {[%emt 0:00:30]} 49. a7 {[%emt 0:00:08]} h4 {[%emt 0:00:14]} 50. gxh4 {[%emt 0:00:24]} 1-0

[Event "2. AUT Bundesliga 2020-21"]
[Site "Graz"]
[Date "2021.04.10"]
[Round "4.2"]
[White "Riemelmoser, Franz"]
[Black "Ragger, Anna-Christina"]
[Result "1-0"]
[WhiteElo "2235"]
[BlackElo "2198"]
[Annotator "NA"]
[PlyCount "85"]
[EventDate "2021.01.17"]
[EventType "team-tourn"]
[EventCountry "AUT"]
[SourceTitle "playchess.com"]
[Source "ChessBase"]
[SourceQuality "1"]
[TimeControl "40/5400+30:1800+30"]

1. c4 {[%emt 0:00:03]} c6 {[%emt 0:00:00]} 2. Nf3 {[%emt 0:00:10]} d5 {[%emt 0:00:00]} 3. e3 {[%emt 0:00:10]} Nf6 {[%emt 0:01:08]} 4. Nc3 {[%emt 0:00:29]} a6 {[%emt 0:04:41]} 5. b3 {[%emt 0:13:00]} h6 $14 {[%emt 0:02:35]} 6. Bb2 {[%emt 0:00:20]} Bf5 {[%emt 0:00:19]} 7. Rc1 {[%emt 0:01:35]} e6 {[%emt 0:00:42]} 8. Be2 {[%emt 0:02:05]} Bd6 {[%emt 0:01:40]} 9. d4 {[%emt 0:00:50]} O-O {[%emt 0:01:48]} 10. h3 {[%emt 0:00:24]} Nbd7 {[%emt 0:02:03]} 11. O-O {[%emt 0:01:02]} Qe7 {[%emt 0:03:05]} 12. Bd3 {[%emt 0:03:15]} Ne4 {[%emt 0:09:19]} 13. Qc2 {[%emt 0:00:25]} Nxc3 {[%emt 0:03:41]} 14. Bxc3 {[%emt 0:01:09]} Bxd3 {[%emt 0:00:45]} 15. Qxd3 {[%emt 0:00:10]} f5 {[%emt 0:01:29]} 16. Rc2 {[%emt 0:01:58]} Qf6 {[%emt 0:08:00]} 17. b4 {[%emt 0:07:09]} b5 {[%emt 0:06:46]} 18. c5 {[%emt 0:02:04]} Bc7 {[%emt 0:00:10]} 19. a4 {[%emt 0:00:07]} Kh8 {[%emt 0:10:25]} 20. Ra2 {[%emt 0:02:44]} g5 {[%emt 0:00:14]} 21. axb5 {[%emt 0:07:53]} axb5 {[%emt 0:06:05]} 22. Rxa8 {[%emt 0:17:29]} Rxa8 {[%emt 0:00:24]} 23. Ra1 {[%emt 0:00:11]} Rxa1+ {[%emt 0:04:14]} 24. Bxa1 {[%emt 0:00:07]} g4 {[%emt 0:01:28]} 25. hxg4 {[%emt 0:01:22]} fxg4 {[%emt 0:00:05]} 26. Ne5 {[%emt 0:01:02]} Nxe5 {[%emt 0:07:57]} 27. dxe5 {[%emt 0:00:13]} Bxe5 {[%emt 0:01:41]} 28. Bxe5 {[%emt 0:00:11]} Qxe5 {[%emt 0:00:02]} 29. Qg6 {[%emt 0:00:12]} h5 {[%emt 0:07:09]} 30. Qe8+ {[%emt 0:01:03]} Kg7 {[%emt 0:02:36]} 31. Qxc6 {[%emt 0:02:41]} Qa1+ {[%emt 0:05:23]} 32. Kh2 {[%emt 0:00:11]} Qe5+ {[%emt 0:00:04]} 33. g3 {[%emt 0:12:32]} Qf5 {[%emt 0:04:51]} 34. Qc7+ {[%emt 0:01:18]} Kg6 {[%emt 0:00:20]} 35. Qf4 {[%emt 0:00:43]} Qc2 {[%emt 0:00:50]} 36. Kg2 {[%emt 0:00:28]} Qc3 {[%emt 0:00:27]} 37. Qd4 {[%emt 0:00:56]} Qc2 {[%emt 0:00:37]} 38. Qe5 {[%emt 0:00:38]} Qc4 {[%emt 0:01:13]} 39. Qxe6+ {[%emt 0:00:24]} Kg5 {[%emt 0:00:27]} 40. c6 {[%emt 0:00:00]} h4 {[%emt 0:00:00]} 41. gxh4+ {[%emt 0:02:00]} Kh5 {[%emt 0:02:01]} 42. Qe5+ {[%emt 0:00:37]} Kg6 {[%emt 0:01:48]} 43. c7 {[%emt 0:00:23]} 1-0

[Event "2. AUT Bundesliga 2020-21"]
[Site "Graz"]
[Date "2021.04.10"]
[Round "4.3"]
[White "Bauer, Sebastian"]
[Black "Frank, Paul"]
[Result "1-0"]
[WhiteElo "2280"]
[BlackElo "2177"]
[Annotator "TA"]
[PlyCount "61"]
[EventDate "2021.01.17"]
[EventType "team-tourn"]
[EventCountry "AUT"]
[SourceTitle "playchess.com"]
[Source "ChessBase"]
[SourceQuality "1"]

{[%evp 9,61,27,41,32,34,25,72,50,49,38,36,21,43,39,53,12,6,7,8,4,3,7,0,14,11,-28,118,45,106,106,83,81,80,97,93,57,137,139,156,160,214,222,201,220,188,190,265,256,254,175,163,160,650,641]} 1. c4 Nf6 2. Nc3 d5 3. cxd5 Nxd5 4. Nf3 g6 5. h4 h5 6. e4 {A16: English Opening: 1...Nf6 with ...d5.} Nxc3 7. dxc3 {[#]} (7. bxc3 {with more complications.} Bg7 8. Ba3 b6 9. Bc4 Nc6 10. Bd5) 7... Qd6 $146 ({Predecessor:} 7... Qxd1+ 8. Kxd1 Bg7 9. Kc2 Nd7 10. Nd4 c6 11. f3 Nc5 12. Be3 Ne6 13. Nb3 Be5 {½-½ (36) Deac,B (2625)-Grunberg,M (2401) chess.com INT 2020}) 8. Qd4 {White is better.} (8. Qb3 {is interesting.} Bg7 9. Be3 O-O 10. Ng5 e6 11. f4) 8... Qxd4 9. cxd4 Bg7 10. Bf4 c5 11. Rc1 Nd7 12. dxc5 {Threatening Bb5.} Bxb2 13. Rc2 $36 {[%mdl 2048] White is more active.} Ba3 14. Bb5 {Strongly threatening c6.} a6 15. Ba4 {And now c6 would win.} O-O 16. Be3 Nf6 $1 17. O-O Bb4 (17... Nxe4 $11 {keeps the balance.} 18. c6 Bf5) 18. Rb1 (18. Ne5 $16) 18... Ba5 {[#]} ({Black should play} 18... a5 $14) 19. Ng5 $1 $16 Bc7 20. c6 b5 21. Bb3 e6 22. a4 bxa4 (22... Ng4 $14) 23. Bxa4 Rd8 24. g3 a5 {[#]} (24... Rd3 $16 25. Bf4 Ra7) 25. Rb7 $1 $18 {[%cal Rb7c7][%mdl 512]} Ne8 26. Kg2 f6 27. Nf3 Rb8 (27... e5 $142 28. Nd2 (28. Bb3+ Kg7 $16) 28... Kh8) 28. Rxb8 Bxb8 29. c7 Nxc7 30. Bb6 {[%mdl 64] Double Attack} Bd7 $2 {[#]} (30... Bb7 $16) 31. Rd2 $1 {Weighted Error Value: White=0.12/Black=0.39} 1-0